How to become an auctioneer and estate agent (Record no. 86712)

MARC details
000 -LEADER
fixed length control field 00451cam a2200193 4500
001 - CONTROL NUMBER
control field D13529
008 - FIXED-LENGTH DATA ELEMENTS--GENERAL INFORMATION
fixed length control field 090401t1935 xxu||||| |||| 00| 0 eng d
035 ## - SYSTEM CONTROL NUMBER
System control number (Sirsi) u10167
041 ## - LANGUAGE CODE
Language code of text/sound track or separate title eng
100 ## - MAIN ENTRY--PERSONAL NAME
Personal name Nokes, W.F.
245 ## - TITLE STATEMENT
Title How to become an auctioneer and estate agent
250 ## - EDITION STATEMENT
Edition statement 3rd
260 ## - PUBLICATION, DISTRIBUTION, ETC.
Name of publisher, distributor, etc. Sir Isaac Pitman & Sons
Date of publication, distribution, etc. 1935
350 ## - PRICE (NR) (BK AM CF MU VM SE) [OBSOLETE]
Price 0
520 ## - SUMMARY, ETC.
Summary, etc. Shelf 132
700 ## - ADDED ENTRY--PERSONAL NAME
Personal name McIntyre, D.
942 ## - ADDED ENTRY ELEMENTS (KOHA)
Suppress in OPAC 0
948 ## - LOCAL PROCESSING INFORMATION (OCLC); SERIES PART DESIGNATOR (RLIN)
c (OCLC) 04/03/1997
Holdings
Withdrawn status Lost status Source of classification or shelving scheme Damaged status Not for loan Home library Current library Shelving location Date acquired Total Checkouts Full call number Barcode Date last seen Copy number Price effective from Koha item type
    Other/Generic Classification Scheme     London London Surveying Profession history 14/09/1999   SURVEYING PROFESSION 30022123 29/11/2023 1 06/08/2019 Reference material